| 000 | 00367 a2200157 4500 | ||
|---|---|---|---|
| 003 | Nust | ||
| 005 | 20230128102215.0 | ||
| 040 | _cNust | ||
| 082 | _a916,DAR | ||
| 100 |
_aDarley, Major Henry _9107996 |
||
| 245 |
_aSlaves and Ivory / _cMajor Henry Darley |
||
| 260 |
_aLondon _bWitherby |
||
| 300 | _a218;p | ||
| 650 |
_aSlaves and Ivory _9107997 |
||
| 942 |
_2ddc _cBK |
||
| 999 |
_c187075 _d187075 |
||